000 00463nab a2200145Ia 4500
003 ES-SlBCS
005 20210601125305.0
008 140529s2000 xxu||||| |||| 00| 0 eng d
041 _aeng
100 1 _aBransen, Jan
_9156368
245 0 0 _aAlternatives of Oneself: Recasting Some of Our Practical Problems
_c Jan Bransen
650 0 4 _aMoralidad
_9131422
773 0 _tPhilosophy and Phenomenological Research
_gvol. 60, 2000, págs. 381-400
_wRev1411
942 _cAR
999 _c527910
_d527910